MDQL
is popping MORE tags! Check the
thread
!
Quizzes
Events
Quiz Creation
Community
Videos
Private Events
Remove Ads
Sign In
Join for FREE
Feedback
Dark Mode
Quiz Categories
Sports
Geography
Music
Movies
Television
Just For Fun
Miscellaneous
History
Literature
Language
Science
Gaming
Entertainment
Religion
Holiday
For Kids
Quiz Lab
Recent
Popular Today
Quiz Kudos Today
Editor Picks
Curator Picks
Quizzes by...
Day
Popularity
Type
Ratings
Length
Year
Community
Subscriptions
Recent Discussions
Orange Saloon
Badges
Playlists
Quests
Create
Leaderboards
Showdown
Live 5
Trivia Bingo
Activity
Puzzle Library
Sporcle Events
Private Events
Virtual Trivia
Globe League
Become a Host
Pub Owners
SporcleCon
Opinionation
Our Games
Videos
Blog
Mobile Apps
Partnerships
Remove Ads and Go Orange
Feedback
Movies
Disney
Marvel Cinematic Universe
Movie Resume
Movie Titles
Oscar
Actor
Actress
Director
Pixar
Role
Movie Quotes
Movie Characters
Box Office
Nominee
Best Picture
Star Wars
James Bond
Horror Movies
Movies
Disney
Marvel Cinematic Universe
Movie Resume
Movie Titles
Oscar
Actor
Actress
Director
Pixar
Role
Movie Quotes
Movie Characters
Box Office
Nominee
Best Picture
Star Wars
James Bond
Horror Movies
Random Quiz
Search Sporcle
×
Quiz Lab
Quiz Lab
Movies
Type in answers that appear in a list
Type in answers that appear in a list
Classic
Best Score? Go Orange.
A-Z of Twilight Stats
Can you name the A-Z of Twilight?
By
lowennaTBD
10m
26 Questions
121 Plays
121 Plays
121 Plays
Comments
Comments
Give Quiz Kudos
Give Quiz Kudos
-
- Ratings
hide this ad
Replay
Link that replays current quiz
Next Quiz
Link to next quiz in quiz playlist
You Got
0%
They Got
Avg Score
72%
Avg Friend Score
Upgrade to see
Score Distribution
Jump to the score distribution portion of the page
Score
0/26
Timer
10:00
0
Plays Today
Question
Answer
% Correct
Where Bella originally lived
Arizona
93.4%
Surname of her best friend
Black
89.3%
Where Charlie lives
Forks Washington
84.3%
Jacob does what on Renesmee?
Imprint
82.6%
Surname of Rosalie and Jasper
Hale
81.8%
Surname of the author
Meyer
80.2%
Tried to kill Bella in New Moon
Laurent
76.9%
Jane can inflict _
_
Pain
76.9%
Leahs younger brother
Seth
76.9%
Series of 4 books written by Stephanie
Twilight
76.9%
Fellow Vegetarian coven
Denali
76%
What Jacob turns out to be
Werewolf
76%
Charlies job
Chief
73.6%
Question
Answer
% Correct
Vampire Royalty
Volturi
71.1%
Main Actress
Kristen Stewart
70.2%
Sam_
_
_
_
, leader of Jacobs tribe
Uley
70.2%
Alice's partner
Emmett
68.6%
State where Esmee was born
Ohio
66.1%
Haunted her human fiancee
Rosalie
66.1%
Member of the Amazon Tribe
Zafrina
66.1%
Jasper made these
Newborns
65.3%
Who plays Jasper?
Jackson
64.5%
First name of the Australian actor expected to play Riley in the third film
Xavier
63.6%
What Vampires do in the sun _
_
_
_
like diamonds
Glitter
62.8%
Last name of Sams Fiancee Emily_
_
_
Young
62.8%
Jacobs Tribe
Quileute
52.9%
Quiz Playlist
Details
Report
Send in Message
Add To Playlist
Classic:
Type in answers that appear in a list
Last Updated: Feb 16, 2017
Quiz Scoreboard
CHALLENGE
Sign Up to Join the Scoreboard
Show All
Scores
Hide
Comments
May contain spoilers
Recently Published
1-10 Letter E Words III
by El_Dandy
Language
2m
Street Fighter Characters
by Artimus82
Gaming
60s
College Basketball Coaching Resumes
by pancakes188
Sports
9m
More to Explore
Quiz From the Vault
Featured Blog Post
Where Did the Easter Bunny Come From?
hide this ad
You Might Also Like...
Tags
This quiz does not have any tags.
Today's Top Quizzes in Movies
Browse Movies
hide this ad
Top Contributed Quizzes in Movies
1
Pick 5 Posters: Directed by Spielberg
2
7-to-1: Pixar Characters
3
Hidden Star Wars Character II
4
Pick 5 Posters: Lowest-Rated Spielberg
5
Hidden Star Wars Character III
6
Sorting Actors
7
Sorting Actresses
8
Hidden Star Wars Character IV
9
Pick 5 Posters: Directed by Scorsese
10
Hidden Star Wars Character V
Explore More
Trending Topics
NBA
Kpop
Marvel
Disney
Crossword
Anime
Harry Potter
Country
Soccer
NFL
The Office
WWE
Pokémon
Puzzle
Song
hide this ad
More By:
lowennaTBD
Quiz
Plays
Rating
Category
Featured
Created
A-Z of Twilight
121
1.00
Movies
Nov 24, 2012
Go to Creator's Profile
Score Distribution
Quiz Creator Spotlight
lowennaTBD
Follow
Send a Message
Quizzes Created
-
Created Quiz Play Count
-
More By This Creator
Popular Quizzes Today
1
Find the US States - No Outlines Minefield
2
Find the Countries of Europe - No Outlines Minefield
3
The Countries of the World
4
Find the US States
5
Risky Map Clicking: Biggest States A-Z
6
US States
7
Popular People in 1961
8
Movies - When Are They Set?
More Movies Quizzes
The Struggle Is Real - Oscars
Published
Trending Quizzes
Risky Map Clicking: Least Populous States A-Z
Billboard Blitz: Aretha Franklin
Famous Russians: Author or Composer?
Countries of the World: 200 Million BC
1-10 Letter G Words
Recently Updated
Leaping Animals
pecheneg
Reality TV Shows (A-Z)
bhenderson79
Rickey Henderson's Hall of Fame Teammates
pecheneg
Champions League XIs: Arsenal
pecheneg
Quick Pick: Celebrities in WWE's Hall of Fame
aduchscher
A-Z Keypad Blitz II
pecheneg
Multiple Oscar Actors
pecheneg
Mystery Phrase Blitz: Oscar 'Best Actors'
pecheneg
F. Scott Fitzgerald Novels
LTH
Pick 3 Villains
ddd62291
Trending Topics
Crossword
Anime
Marvel
Kpop
Harry Potter
NBA
Disney
NFL
Soccer
Song
Puzzle
Pokémon
The Office
WWE
Country
Your Account Isn't Verified!
In order to create a playlist on Sporcle, you need to verify the email address you used during registration. Go to your
Sporcle Settings
to finish the process.
Report this User
Report this user for behavior that violates our
Community Guidelines
.
Details:
Send Report
Go to the Sporcle.com Mobile Site →
Comments